000
00344nam a2200133Ia 4500
008
230411s9999 xx 000 0 und d
041
_a
eng
082
_a
AD/363.728/CHA/B02513
100
_a
Chandorkar AG
245
_a
Hospital Waste Management
260
_b
Paras Publishing
_a
Hyderabad
_c
2003
300
_a
152p
999
_c
153697
_d
153697